| 000 | 00611nam a2200241Ia 4500 | ||
|---|---|---|---|
| 003 | OSt | ||
| 005 | 20230517141912.0 | ||
| 008 | 210423s2015 xx 000 0 und d | ||
| 020 | _a978-1-4462-0926-4 | ||
| 040 | _cAL | ||
| 041 | _aeng | ||
| 082 | _a338.477 HESC | ||
| 100 |
_aHESMONDHALGH (David) _9106778 |
||
| 245 | _aCultural industries Ed 3 | ||
| 250 | _a3 | ||
| 260 |
_aLondon _bSage Publications _c2015 |
||
| 300 |
_axx,456 _bPB |
||
| 365 |
_b2997.57 _cGBP |
||
| 650 |
_aEconomics _9106779 |
||
| 650 |
_aProduction Economics _9106780 |
||
| 906 | _aCultural ; Ed ; industries | ||
| 942 |
_2ddc _cBK |
||
| 999 |
_c167603 _d167603 |
||